Физика и химия атмосферных аэрозолей (Запись № 1038004)

Подробности
000 -МАРКЕР
контрольное поле 01363nam0a2200337 4500
001 - ИДЕНТИФИКАТОР ЗАПИСИ
контрольное поле RU\NLR\bibl\183218
005 - ИДЕНТИФИКАТОР ВЕРСИИ
контрольное поле 20260406050649.0
010 ## - МЕЖДУНАРОДНЫЙ СТАНДАРТНЫЙ НОМЕР КНИГИ (ISBN)
Номер (ISBN) 5-288-01401-9
Тираж 200
035 ## - ДРУГИЕ СИСТЕМНЫЕ НОМЕРА
Идентификатор записи (NLR Aleph) 000179825
100 ## - ДАННЫЕ ОБЩЕЙ ОБРАБОТКИ
Данные общей обработки 20010914d1997 |||y0rusy50 ca
101 0# - ЯЗЫК РЕСУРСА
Язык текста, звукозаписи и т.д. русский
Язык оглавления русский
-- английский
102 ## - СТРАНА ПУБЛИКАЦИИ ИЛИ ПРОИЗВОДСТВА
Страна публикации Российская Федерация
105 ## - ПОЛЕ КОДИРОВАННЫХ ДАННЫХ: ТЕКСТОВЫЕ МАТЕРИАЛЫ, МОНОГРАФИЧЕСКИЕ
Кодированные данные о монографическом текстовом документе a |||||||||
200 1# - ЗАГЛАВИЕ И СВЕДЕНИЯ ОБ ОТВЕТСТВЕННОСТИ
Основное заглавие Физика и химия атмосферных аэрозолей
Сведения, относящиеся к заглавию [Сб. ст.]
Первые сведения об ответственности Под ред. д.ф.-м.н. Л.С. Ивлева
210 ## - ПУБЛИКАЦИЯ, РАСПРОСТРАНЕНИЕ И ДР.
Место издания, распространения и т.д. СПб.
Имя издателя, распространителя и т. д. Изд-во СПбГУ
Дата издания, распространения и т.д. 1997
215 ## - ФИЗИЧЕСКАЯ ХАРАКТЕРИСТИКА
Специфическое обозначение материала и объем 295 с.
Другие сведения о физической характеристике ил.
Размеры 19
225 1# - СЕРИЯ
Основное заглавие серии Проблемы физики атмосферы
Сведения, относящиеся к заглавию Межвуз. сб.
Сведения об ответственности С.-Петерб. гос. ун-т
ISSN серии 0552-2056
Обозначение тома Вып.20
320 ## - ПРИМЕЧАНИЯ О НАЛИЧИИ В ДОКУМЕНТЕ БИБЛИОГРАФИИ / УКАЗАТЕЛЯ
Текст примечания Библиогр. в конце ст.
606 0# - НАИМЕНОВАНИЕ ТЕМЫ КАК ПРЕДМЕТ
Наименование темы Аэрозоли в атмосфере
Формальный подзаголовок Сборники
Системный номер авторитетной/нормативной записи 1037867
Идентификатор авторитетной/нормативной записи RU\NLR\auth\6681295
606 0# - НАИМЕНОВАНИЕ ТЕМЫ КАК ПРЕДМЕТ
Наименование темы Аэрозоли атмосферные
Формальный подзаголовок Сборники
Системный номер авторитетной/нормативной записи 2080365
Идентификатор авторитетной/нормативной записи RU\NLR\auth\661256287
686 ## - ИНДЕКСЫ ДРУГИХ КЛАССИФИКАЦИЙ
Индекс Д232.2я43
702 #1 - ИМЯ ЛИЦА - ВТОРИЧНАЯ ОТВЕТСТВЕННОСТЬ
Код отношения Редактор
Материалы, к которым относится поле rus
Графика поля Кириллица
Начальный элемент ввода Ивлев
Часть имени, кроме начального элемента ввода Л. С.
Даты 1936-
Расширение инициалов личного имени Лев Семенович
Идентификатор авторитетной/нормативной записи RU\NLR\AUTH\776108
Системный номер авторитетной/нормативной записи 116063
801 #0 - ИСТОЧНИК ЗАПИСИ
Страна Российская Федерация
Организация NLR
Дата составления 20010914
Правила каталогизации PSBO
801 #1 - ИСТОЧНИК ЗАПИСИ
Страна Российская Федерация
Организация NLR
Дата составления 20010914
852 ## - МЕСТОНАХОЖДЕНИЕ И ШИФР ХРАНЕНИЯ
Идентификатор организации NLR
Шифр хранения (Call Number) П7/964
942 ## - ДОПОЛНИТЕЛЬНЫЕ ЭЛЕМЕНТЫ ЗАПИСИ (АБИС)
Тип экземпляра АБИС Книга
980 ## - КОЛЛЕКЦИЯ
Название коллекции Национальная библиография
Экземпляры
Тип экземпляра Дата поступления Библиотека постоянного хранения Библиотека текущего хранения Место хранения Шифр хранения Штрих-код Статус экземпляра Источник поступления Стоимость
Книга 26.10.2013 РНБ (Московский) РНБ (Московский) Русский журнальный фонд П7/964 179825-10      
Книга 27.02.2014 РНБ (Московский) РНБ (Московский) Фонд научного зала литературы по технике Нз Д23/П-781 1-2637454   Покупка  
Книга 11.08.2014 РНБ (Московский) РНБ (Московский) Фонд общего зала литературы по технике Т1 Д23/Ф-503 1-619515   Покупка 516.00